| 000 | 00425nab a2200145Ia 4500 | ||
|---|---|---|---|
| 003 | ES-SlBCS | ||
| 005 | 20210601125256.0 | ||
| 008 | 140529s1992 xxu||||| |||| 00| 0 eng d | ||
| 041 | _aeng | ||
| 100 | 1 |
_aGoldstick, Dan _9138703 |
|
| 245 | 0 | 0 |
_aCognitive Reason _c Dan Goldstick |
| 650 | 0 | 4 |
_aRazón Cognitiva _9156223 |
| 773 | 0 |
_tPhilosophy and Phenomenological Research _gvol. 52, 1992, págs. 117-124 _wRev1411 |
|
| 942 | _cAR | ||
| 999 |
_c527658 _d527658 |
||